|
|
|
|
| LEADER |
01233nam a2200313 u 4500 |
| 001 |
10096504 |
| 003 |
upatras |
| 005 |
20241214063342.0 |
| 008 |
120307s2012 lu eng |
| 020 |
|
|
|a 9789279220852
|
| 022 |
|
|
|a 1681-4789
|
| 040 |
|
|
|a GR-PaULI
|c GR-PaULI
|b gre
|
| 041 |
0 |
|
|a eng
|
| 082 |
0 |
4 |
|a 341.242 202 1
|
| 110 |
0 |
2 |
|a European Commission
|9 8016
|
| 245 |
1 |
0 |
|a Europe in figures
|b Eurostat yearbook 2012
|c European Commission, Eurostat
|
| 260 |
|
|
|a Luxembourg
|b Publications office of the European Union
|c 2012
|
| 300 |
|
|
|a 692 σ. :
|b πιν. ;
|c 24 εκ.
|
| 490 |
0 |
|
|a Eurostat : statistical books
|
| 500 |
|
|
|a Περιέχει ευρετήριο
|
| 650 |
|
4 |
|a Εμπόριο
|x Ευρωπαϊκή Ένωση
|9 46185
|
| 650 |
|
4 |
|a Γεωργία
|z Ευρωπαϊκή Ένωση, Χώρες της
|9 47012
|
| 650 |
|
4 |
|a Κοινωνία
|x Ευρωπαϊκή Ένωση
|9 47013
|
| 710 |
2 |
|
|a European Commission
|b Eurostat
|9 7582
|
| 760 |
0 |
|
|a Eurostat
|
| 942 |
|
|
|2 ddc
|c BK15
|
| 952 |
|
|
|0 0
|1 0
|2 ddc
|4 0
|6 341_242000000000000_202_1_EUR
|7 0
|9 203592
|a LISP
|b LISP
|c EDC
|d 2016-05-23
|i 115421
|l 0
|o 341.242 202 1 EUR
|p 025000232157
|r 2016-05-23 00:00:00
|t 1
|w 2016-05-23
|y BK15
|
| 998 |
|
|
|c ΜΠΟΥΡΑΣ
|d 2016-05
|
| 999 |
|
|
|c 124226
|d 124226
|